Catálogo público

Manejo integrado de la mosca de la fruta / (Record no. 205130)

MARC details
000 -CABECERA
campo de control de longitud fija 00757nam a2200277Ia 4500
001 - NÚMERO DE CONTROL
campo de control Para_6392
003 - IDENTIFICADOR DEL NÚMERO DE CONTROL
campo de control CHAP
008 - DATOS DE LONGITUD FIJA--INFORMACIÓN GENERAL
campo de control de longitud fija 220125s1993 xx 000 0 und d
010 ## - NÚMERO DE CONTROL DE LA BIBLIOTECA DEL CONGRESO
Número de control de LC 205130
040 ## - FUENTE DE LA CATALOGACIÓN
Centro/agencia transcriptor CHAP
082 ## - NÚMERO DE LA CLASIFICACIÓN DECIMAL DEWEY
Número de clasificación PA 595.774 A5 1993
100 ## - ENTRADA PRINCIPAL--NOMBRE DE PERSONA
Nombre de persona Aluja Schuneman, Martín
9 (RLIN) 4725
245 ## - MENCIÓN DE TÍTULO
Título Manejo integrado de la mosca de la fruta /
Mención de responsabilidad, etc. por Martín Aluja Schuneman
250 ## - MENCIÓN DE EDICIÓN
Mención de edición ed. rev. y ampl.
260 ## - PUBLICACIÓN, DISTRIBUCIÓN, ETC.
Lugar de publicación, distribución, etc. México, D. F. :
Nombre del editor, distribuidor, etc. Trillas
300 ## - DESCRIPCIÓN FÍSICA
Extensión 251 p.
650 ## - PUNTO DE ACCESO ADICIONAL DE MATERIA--TÉRMINO DE MATERIA
Término de materia o nombre geográfico como elemento de entrada Fruta
Subdivisión general plagas
9 (RLIN) 43646
650 ## - PUNTO DE ACCESO ADICIONAL DE MATERIA--TÉRMINO DE MATERIA
Término de materia o nombre geográfico como elemento de entrada Mosca de la fruta
9 (RLIN) 78989
901 ## - ELEMENTOS DE DATOS A LOCAL LDA (RLIN)
a PA 595.774 A5 1993
902 ## - ELEMENTOS DE DATOS B LOCAL, LDB (RLIN)
a A
905 ## - ELEMENTOS DE DATOS E LOCAL, LDE (RLIN)
a 0000001993 a 0000000000 00
910 ## - DATOS DE OPCIÓN DEL USUARIO (OCLC)
Datos de opción del usuario 1993
942 ## - ELEMENTOS DE PUNTO DE ACCESO ADICIONAL (KOHA)
Tipo de ítem Koha Parasitologia_
942 ## - ELEMENTOS DE PUNTO DE ACCESO ADICIONAL (KOHA)
Tipo de ítem Koha Parasitologia_
-- 1
Holdings
Estado de retiro Estado de pérdida Fuente del sistema de clasificación o colocación Estado dañado Restricciones de uso No para préstamo Código de colección Localización permanente Ubicación/localización actual Fecha de adquisición Número de inventario Total de préstamos Signatura topográfica completa Código de barras Fecha visto por última vez Número de copia Precio válido a partir de Tipo de ítem Koha Nota pública Fecha del último préstamo
    Dewey Decimal Classification   Préstamo 3 días   General Parasitologia Agricola Parasitologia Agricola 27/10/2005 (PA_8488) (No. UACh C/E)   PA 595.774 A5 1993 4102001221 25/01/2022 Ej.4 25/01/2022 Libro 3  
    Dewey Decimal Classification   Préstamo interno   General Parasitologia Agricola Parasitologia Agricola 27/10/2005 (PA_3707) (No. UACh C/E)   PA 595.774 A5 1993 4102001218 25/01/2022 Ej.1 25/01/2022 Libro 3  
    Dewey Decimal Classification   Préstamo 3 días   General Parasitologia Agricola Parasitologia Agricola 27/10/2005 (PA_3708) (No. UACh C/E) 3 PA 595.774 A5 1993 4102001219 25/02/2025 Ej.2 25/01/2022 Libro 3 21/02/2025
    Dewey Decimal Classification   Préstamo 3 días   General Parasitologia Agricola Parasitologia Agricola 27/10/2005 (PA_3709) (No. UACh C/E)   PA 595.774 A5 1993 4102001220 25/01/2022 Ej.3 25/01/2022 Libro 3